000 00506nam a2200181Ia 4500
005 20250508150428.0
008 008 250505s9999 xx 000 0 eng d
037 _aBooks to be hide in OPAC
040 _aFEDL
_beng
_cFEDL
041 _aeng
_2eng
084 _qFEDL
100 _aShukla Ravi Shankar
_9756676
245 0 _aLingua franca for hindustan and the hindustani movement
260 _aLucknow, India
_bOudh Publishing House
300 _a398p.
942 _cHB
999 _c1323589
_d1323589